Unitisation observer (Record no. 18853)

MARC details
000 -LEADER
fixed length control field 00656cab a2200217 4500
001 - CONTROL NUMBER
control field WB2245-47
008 - FIXED-LENGTH DATA ELEMENTS--GENERAL INFORMATION
fixed length control field 090401t1986 xxu||||| |||| 00| 0 eng d
035 ## - SYSTEM CONTROL NUMBER
System control number (Sirsi) u27961
041 ## - LANGUAGE CODE
Language code of text/sound track or separate title eng
245 ## - TITLE STATEMENT
Title Unitisation observer
260 ## - PUBLICATION, DISTRIBUTION, ETC.
Date of publication, distribution, etc. 1986
350 ## - PRICE (NR) (BK AM CF MU VM SE) [OBSOLETE]
Price 0
490 ## - SERIES STATEMENT
Series statement Estates Times
Volume/sequential designation No 869 7/11/86 p1
520 ## - SUMMARY, ETC.
Summary, etc. The RICS is to adopt the role of official observer at meetings of the newly formed PINCs Association as well as the Barkshire Committee .
650 ## - SUBJECT ADDED ENTRY--TOPICAL TERM
Topical term or geographic name entry element PROPERTY INCOME CERTIFICATES
650 ## - SUBJECT ADDED ENTRY--TOPICAL TERM
Topical term or geographic name entry element PROPERTY INVESTMENT
650 ## - SUBJECT ADDED ENTRY--TOPICAL TERM
Topical term or geographic name entry element UNITISATION
690 ## - LOCAL SUBJECT ADDED ENTRY--TOPICAL TERM (OCLC, RLIN)
Topical term or geographic name as entry element PROPERTY LAW AND PRACTICE
942 ## - ADDED ENTRY ELEMENTS (KOHA)
Suppress in OPAC 0
948 ## - LOCAL PROCESSING INFORMATION (OCLC); SERIES PART DESIGNATOR (RLIN)
c (OCLC) 04/03/1997
Holdings
Withdrawn status Lost status Source of classification or shelving scheme Damaged status Not for loan Home library Current library Shelving location Date acquired Total Checkouts Full call number Barcode Date last seen Copy number Price effective from Koha item type
    Dewey Decimal Classification     London London News article 14/09/1999   WB2245-47 27961-1001 06/08/2019 1 06/08/2019 News article